banner-ar

الندوة العلمية عن المضمون السياسى للحوار العربى الاورب: القاهرة 29-28 مايو(ايار) 1977 اعمال الندوة وبحوثها (Record no. 34869)

MARC details
000 -الفاتح
حقل البيانات ثابتة الطول 00519nam a2200133Ia 4500
008 - عناصر البيانات ثابتة الطول - معلومات عامة
حقل البيانات ثابتة الطول 140319s9999 xx 000 0 ara d
040 ## - مصدر الفهرسة
وكالة الفهرسة الأصلية GCL /
وكالة النسخ GCL
082 04 - رقم تصنيف ديوى العشرى
رقم التصنيف 327.5604
رقم المادة ح ن
245 10 - بيان العنوان
العنوان الندوة العلمية عن المضمون السياسى للحوار العربى الاورب: القاهرة 29-28 مايو(ايار) 1977 اعمال الندوة وبحوثها
260 ## - PUBLICATION, DISTRIBUTION, ETC. (IMPRINT)
تاريخ النشر أو التوزيع 1978
300 ## - الوصف المادى
التعداد 215 ص
490 ## - بيان السلسلة
عنوان السلسلة
260 ## - PUBLICATION, DISTRIBUTION, ETC. (IMPRINT)
-- [S.N] :
-- معهد البحوث والدراسات العربية ،
Holdings
حالة التراجع حالة الفقد حالة تلف ليس للاعارة المكان المؤقت الموقع الحالى تاريخ الاكتساب اجمالي اﻻعارات رقم الطلب الباركود تاريخ اخر مشاهدة تاريخ تفعيل السعر نوع وعاء كوها
        مكتبة القاهرة الكبرى مكتبة القاهرة الكبرى 03/26/2014   327.5604\ح ن 84208 03/26/2014 03/26/2014 كتاب
        مكتبة القاهرة الكبرى مكتبة القاهرة الكبرى 03/26/2014   327.5604\ح ن 84209 03/26/2014 03/26/2014 كتاب

Powered By

EGPV